Statistics for Countries that border Hungary

Click here to take the quiz!

General Stats

  • This quiz has been taken 16 times
  • The average score is 7 of 7

Answer Stats

Answer % Correct
Austria
100%
Serbia
100%
Slovakia
100%
Slovenia
100%
Croatia
94%
Romania
88%
Ukraine
88%

Score Distribution

Percentile by Number Answered

Percent of People with Each Score

Your Score History

You have not taken this quiz